000 00774nam a2200253Ia 4500
003 OSt
005 20220925222322.0
006 a|||||r|||| 00| 0
007 ta
008 220923b |||||||| |||| 00| 0 eng d
037 _cGeneral Book
040 _aRTL
_cRTL
_beng
041 _2eng
_aeng
082 _aX:540j77.1(X).N6, K7
100 _aLinder Staffan Bureastam
_9287557
245 0 _aTrade and trade policy for development
260 _aLondon
_bPall Mall Press
_c1967
300 _axi,179p
_ccm.
490 _aPall Mall series on international economics and development
650 _a Economics
650 _aInternational Trade
942 _hX:540j77.1(X).N6, K7
_cGB
_2CC
999 _c576698
_d576698